| 000 | 02400nam a2200673 a 4500 | ||
|---|---|---|---|
| 001 | 22358 | ||
| 003 | VRT | ||
| 005 | 20260326153203.0 | ||
| 008 | 200507s2016 xo o g f 001 0 slo | ||
| 015 | _aSNBA2017/01 | ||
| 020 |
_a9788080972318 _q(viazané) |
||
| 035 | _aurn:nbn:sk:snk-am00e0bl | ||
| 035 | _aurn:nbn:sk:snk-am3iadv | ||
| 035 | _a61138803-EB37-4539-8D46-465E40CD93AB | ||
| 039 | 9 |
_a202202271353 _bAUTHORITY _c202005070743 _dVLOAD _c201905311155 _dAUTHORITY _c201703231257 _dmsavuk02 |
|
| 040 |
_aSNK _bslo _cSNK _eAACR2 |
||
| 041 | 1 |
_aslo _heng |
|
| 044 |
_axo _cSK |
||
| 072 | 7 |
_a613 _xHygiena. Ľudské zdravie _2konspekt |
|
| 080 |
_a613 _22011 |
||
| 080 |
_a616.1/.9 _22011 |
||
| 080 |
_a616-07 _22011 |
||
| 080 |
_a616-08 _22011 |
||
| 080 |
_a613.24 _22011 |
||
| 080 |
_a613:304.3 _22011 |
||
| 080 |
_a(035) _22011 |
||
| 240 | 1 | 0 |
_aInstant Health Answers _lSlovensky |
| 245 | 0 | 0 |
_aDomáci lekár v otázkach a odpovediach _bpríznaky, kúry, lieky, liečba, potraviny, doplnky, diéty, vyšetrenia _c[Autori textu: Debra Gordon ... [et al.] ; Autor fotografií: Jonathan Pozniak ; z anglického originálu ... preložila Miriam Ghaniová] |
| 250 | _a1. vyd. | ||
| 260 |
_aBratislava _bTarsago Slovensko _c2016 |
||
| 300 |
_a384 s. _bfotogr. _c26 cm |
||
| 504 | _aReg. | ||
| 650 | 0 | 7 |
_astarostlivosť o zdravie _2SNKPH |
| 650 | 0 | 7 |
_achoroby _2SNKPH |
| 650 | 0 | 7 |
_adiagnostika (medicína) _2SNKPH |
| 650 | 0 | 7 |
_aterapia _2SNKPH |
| 650 | 0 | 7 |
_aHealth care _2SNKPHeng |
| 650 | 0 | 7 |
_aDiseases _2SNKPHeng |
| 650 | 0 | 7 |
_aMedical diagnostics _2SNKPHeng |
| 650 | 0 | 7 |
_aTreatment _2SNKPHeng |
| 650 | 0 | 7 |
_adiéty _2SNKPH |
| 650 | 0 | 7 |
_aDiets _2SNKPHeng |
| 650 | 0 | 7 |
_azdravý životný štýl _2SNKPH |
| 650 | 0 | 7 |
_aHealthy lifestyle _2SNKPHeng |
| 655 | 7 |
_apríručky _2SNKPH |
|
| 655 | 7 |
_aHandbooks, manuals, etc. _2SNKPHeng |
|
| 700 | 1 |
_aGordon, Debra _4aut |
|
| 700 | 1 |
_aPozniak, Jonathan _4pht |
|
| 700 | 1 |
_aGhaniová, Miriam _4trl |
|
| 910 | _asnk | ||
| 910 | _asavuk | ||
| 942 |
_2ddc _cOLDO _n0 |
||
| 949 |
_617A1219496 _asnkSB 91073 _bsnk2017/619 _o2781/16 _s6100:20170201 |
||
| 949 |
_617A1219497 _asnkSB 91073 D1 _bsnk2017/620 _o2781/16 |
||
| 949 |
_6270001000533769 _asvkbbC 61810 _bsvkbbm 766121 |
||
| 949 |
_62889322301 _asavukPV 23623 _bsavuk2017/918 |
||
| 949 |
_6273K0626634 _asvkpoC 58789 _bsvkpo623965 |
||
| 999 |
_c22358 _d22358 |
||